| 000 | 01433naa a22003857a 4500 | ||
|---|---|---|---|
| 001 | BR8304165 | ||
| 003 | BR-BrBNA | ||
| 005 | 20240918175321.0 | ||
| 007 | ta | ||
| 008 | 230509b bl.||||| |||| 00| 0 por d | ||
| 040 |
_aBR-BrBNA _bpor _cBiblioteca Nacional de Agricultura |
||
| 041 | _a(Pt) | ||
| 072 |
_aF25; F60 _b0120 _b3855 _b3840 _b3820 _b3830 _b3810 |
||
| 090 | _aF25 BR8304165 | ||
| 100 | 1 | _aSantos, H.L. dos | |
| 100 | 1 | _aVasconcellos, C.A. | |
| 100 | 1 | _aBahia Filho, A.F. de C. | |
| 100 | 1 | _aFranca, G.E. de | |
| 100 | 1 | _aGarcia, J.C. | |
| 111 | 1 |
_aSimposio sobre Produtividade do Milho _cLondrina, PR (Brazil) _d2 Aug 1983 |
|
| 245 | 1 | _aExigencias nutricionais e uso de fertilizantes e corretivos na cultura do milho [Zea mays, adubo verde, fertilizante nitrogenado, fertilizante fosfatado, fertilizante potassico] | |
| 260 | 3 |
_aLondrina, PR (Brasil): _c1983. |
|
| 500 | _aAnais. Simposio sobre Produtividade do Milho Londrina, PR (Brasil): 1983. p. 81-98 (BR8304165-AM)F25 | ||
| 650 | _aMILHO | ||
| 650 | _aADUBO VERDE | ||
| 650 | _aCORRETIVO | ||
| 650 | _aFERTILIZANTE NITROGENADO | ||
| 650 | _aFERTILIZANTE FOSFATADO | ||
| 650 | _aFERTILIZANTE POTASSICO | ||
| 650 | _aADUBACAO | ||
| 650 | _aEXIGENCIA NUTRICIONAL | ||
| 773 | 0 |
_tAnais. Simposio sobre Produtividade do Milho _wF25 BR8304165 _gLondrina, PR (Brasil), 1983. p. 81-98 |
|
| 909 |
_a202404 _bLucia _c55 _dLucia Elande |
||
| 942 |
_cAM _2AGRIS |
||
| 999 |
_c316103 _d316103 |
||